[Event "Indywidualne Mistrzostwa Polski Juniorow - C16"]
[Site "Szczyrk"]
[Date "2013-03-19"]
[Round "4.1"]
[White "Karwowski, Kacper"]
[Black "Piotrowski, Przemyslaw"]
[Result "1/2-1/2"]
[WhiteTitle "I"]
[BlackTitle "I+"]
[WhiteElo "1946"]
[BlackElo "1996"]

1. e4 c5 2. Nf3 d6 3. d4 cxd4 4. Nxd4 Nf6 5. Nc3 Nc6 6. Bg5 e6 7. Qd2 a6 8. O-O-O
Bd7 9. f4 b5 10. Bxf6 gxf6 11. Kb1 Qb6 12. Nxc6 Bxc6 13. f5 b4 14. Ne2 e5 15.
Ng3 Qc5 16. Nh5 Ke7 17. Bd3 Rg8 18. Rhg1 Rg5 19. Qe2 Bh6 20. h4 Rxh5 21. Qxh5
Be3 22. Rge1 Bd4 23. Qe2 d5 24. exd5 Bxd5 25. Be4 Bc4 26. Bd3 Bd5 27. Be4 Bc4
28. Qd2 Rb8 29. Bf3 Rd8 30. Re4 a5 31. Be2 Bxa2+ 32. Kxa2 Qd5+ 33. Kb1 Qxe4 34.
Bf3 Qxh4 35. c3 Bb6 36. Qc2 Rxd1+ 37. Bxd1 Bc5 38. Bf3 Qe1+ 39. Ka2 bxc3 40. Qxc3
Qxc3 41. bxc3 a4 42. Bc6 Kd6 43. Bxa4 e4 44. Kb2 Ke5 45. Kc2 Kxf5 46. Kd2 Kf4
47. Ke2 Kg3 48. Bd7 Kxg2 49. Bf5 h5 50. Bxe4+ Kg3 51. Bd5 h4 52. Bxf7 h3 53. Bd5
f5 54. Ba8 f4 55. Bb7 Kh2 56. Kf1 f3 57. Bxf3 Bf2 58. Kxf2 1/2-1/2

[Event "Indywidualne Mistrzostwa Polski Juniorow - C16"]
[Site "Szczyrk"]
[Date "2013-03-19"]
[Round "4.2"]
[White "Gajek, Radoslaw"]
[Black "Tomaszewski, Kacper"]
[Result "1-0"]
[WhiteTitle "k"]
[BlackTitle "I++"]
[WhiteElo "2273"]
[BlackElo "1961"]

1. e4 c5 2. Nf3 Nc6 3. d4 cxd4 4. Nxd4 e6 5. Nc3 a6 6. Be2 Qc7 7. O-O Nf6 8. Be3
Bb4 9. Na4 O-O 10. c4 Bd6 11. g3 Nxe4 12. Bf3 f5 13. c5 Be5 14. Rc1 Nxd4 15. Bxd4
Ng5 16. Rc3 f4 17. Nb6 Bxd4 18. Qxd4 Rb8 19. Qd6 Nxf3+ 20. Rxf3 Qc6 21. Rxf4 Rxf4
22. Qxf4 d6 23. Qxd6 Qxd6 24. cxd6 Kf7 25. Rc1 1-0

[Event "Indywidualne Mistrzostwa Polski Juniorow - C16"]
[Site "Szczyrk"]
[Date "2013-03-19"]
[Round "4.3"]
[White "Swiderski, Radoslaw"]
[Black "Jarmula, Lukasz"]
[Result "0-1"]
[WhiteTitle "I+"]
[BlackTitle "k"]
[WhiteElo "1964"]
[BlackElo "2164"]

1. e4 c5 2. Nf3 d6 3. d4 cxd4 4. Nxd4 Nf6 5. Nc3 a6 6. Bg5 Nbd7 7. f4 Qc7 8. Qf3
h6 9. Bxf6 Nxf6 10. h3 g6 11. O-O-O Bg7 12. f5 g5 13. g4 Bd7 14. h4 O-O-O 15.
Be2 gxh4 16. Rxh4 Kb8 17. Nd5 Nxd5 18. exd5 Qa5 19. Qe4 Qxa2 20. Rd3 Bf6 21. Rhh3
Bg5+ 22. Rhe3 Qa1+ 23. Kd2 Qa5+ 24. Kd1 Bxe3 25. Qxe3 Bb5 26. Ra3 Bxe2+ 27. Kxe2
Qxd5 0-1

[Event "Indywidualne Mistrzostwa Polski Juniorow - C16"]
[Site "Szczyrk"]
[Date "2013-03-19"]
[Round "4.4"]
[White "Eggink, Ryszard"]
[Black "Chomczyk, Marek"]
[Result "1/2-1/2"]
[WhiteTitle "I++"]
[BlackTitle "I+"]
[WhiteElo "2080"]
[BlackElo "1935"]

1. e4 e5 2. Nf3 Nc6 3. Bb5 a6 4. Ba4 d6 5. c3 Nf6 6. d4 b5 7. Bc2 Be7 8. O-O O-O
9. d5 Na5 10. a4 bxa4 11. Bxa4 Nb7 12. Re1 Bd7 13. b4 Bxa4 14. Qxa4 Qd7 15. Bg5
Qxa4 16. Rxa4 Rfc8 17. Bxf6 Bxf6 18. Nbd2 c5 19. dxc6 Rxc6 20. c4 Bd8 21. Rea1
a5 22. Kf1 Rca6 23. Ke2 Bb6 24. c5 dxc5 25. b5 R6a7 26. Nc4 Bd8 27. Nfxe5 Bf6
28. Rd1 Bxe5 29. Nxe5 Rd8 30. Rd5 Rxd5 31. exd5 Kf8 32. Nc6 Ra8 33. Kd3 Ke8 34.
Re4+ Kf8 35. Re7 a4 36. Kc2 a3 37. Kb1 a2+ 38. Ka1 Na5 39. Re3 c4 40. Ra3 Nb3+
41. Kxa2 Nc1+ 42. Kb2 Nd3+ 43. Ka2 Nc1+ 1/2-1/2

[Event "Indywidualne Mistrzostwa Polski Juniorow - C16"]
[Site "Szczyrk"]
[Date "2013-03-19"]
[Round "4.5"]
[White "Niekras, Dawid"]
[Black "Snihur, Piotr"]
[Result "0-1"]
[WhiteTitle "I"]
[BlackTitle "I++"]
[WhiteElo "1956"]
[BlackElo "2085"]

1. e4 c5 2. Nf3 d6 3. d4 cxd4 4. Nxd4 Nf6 5. Nc3 a6 6. h3 b5 7. Nd5 Bb7 8. Nxf6+
gxf6 9. c4 b4 10. Bd3 e6 11. Qh5 Qe7 12. O-O Nd7 13. Re1 Rc8 14. Bd2 Nc5 15. Bc2
Nd7 16. Bxb4 Rxc4 17. Bc3 Rc5 18. Qh4 h5 19. f4 Qd8 20. Bb3 Qb6 21. Kh1 Be7 22.
f5 e5 23. Nc2 Qc7 24. Ne3 Nb6 25. Bb4 Rb5 26. Rac1 Qd8 27. Ba3 a5 28. Red1 a4
29. Bd5 Nxd5 30. Nxd5 Bxd5 31. Rxd5 Rxd5 32. exd5 Qd7 33. Qe4 O-O 34. Rc3 Rc8
35. Rc6 Kf8 36. g4 hxg4 37. hxg4 Kg7 38. Kg2 Rh8 39. Rc3 Bd8 40. Rh3 Rxh3 41.
Kxh3 Qb5 42. g5 Qf1+ 43. Kh2 Qf2+ 44. Kh3 Qf1+ 45. Kh2 Bb6 46. gxf6+ Kxf6 47.
Bxd6 Bg1+ 48. Kg3 Bf2+ 49. Kg4 Qg1+ 50. Kf3 Qh1+ 0-1

[Event "Indywidualne Mistrzostwa Polski Juniorow - C16"]
[Site "Szczyrk"]
[Date "2013-03-19"]
[Round "4.6"]
[White "Kaczmarek, Aleksander"]
[Black "Czajkowski, Adam"]
[Result "1-0"]
[WhiteTitle "k"]
[BlackTitle "I+"]
[WhiteElo "2132"]
[BlackElo "1923"]

1. e4 c5 2. Nf3 e6 3. d4 cxd4 4. Nxd4 a6 5. Bd3 Nc6 6. Nxc6 dxc6 7. Nd2 e5 8. Nc4
Ne7 9. Bd2 Ng6 10. Ba5 Qg5 11. g3 Bc5 12. Qd2 Qxd2+ 13. Kxd2 Ke7 14. Nb6 Rb8 15.
Nxc8+ Rbxc8 16. Ke2 Nf8 17. Bd2 Ne6 18. c3 g5 19. f3 Rcd8 20. h4 h6 21. b4 Bb6
22. Bc4 Rhg8 23. hxg5 hxg5 24. Rh6 g4 25. fxg4 Rxg4 26. Bxe6 Rxg3 27. Be1 Re3+
28. Kf1 Rg8 29. Bh4+ Ke8 30. Bf5 Rf3+ 31. Ke2 Re3+ 32. Kd1 f6 33. Kc2 Rg2+ 34.
Kb3 Bd4 35. Rc1 b5 36. Rh7 Ree2 37. Rb1 Bxc3 38. Bxf6 Bd4 39. Rh3 Rxa2 40. Be6
Rh2 41. Rg3 Rhg2 42. Rxg2 Rxg2 43. Rh1 1-0

[Event "Indywidualne Mistrzostwa Polski Juniorow - C16"]
[Site "Szczyrk"]
[Date "2013-03-19"]
[Round "4.7"]
[White "Kulas, Szymon"]
[Black "Lizak, Jakub"]
[Result "0-1"]
[WhiteTitle "I++"]
[BlackTitle "I"]
[WhiteElo "2088"]
[BlackElo "1893"]

1. e4 c5 2. Nf3 Nc6 3. d4 cxd4 4. Nxd4 e5 5. Nb5 d6 6. N1c3 a6 7. Na3 b5 8. Nd5
Nce7 9. c4 Nxd5 10. cxd5 f5 11. Be2 fxe4 12. O-O Nf6 13. Bg5 Be7 14. Nc2 O-O 15.
Nb4 Bd7 16. Qb3 Kh8 17. Rac1 Nxd5 18. Bxe7 Nxe7 19. Qe3 a5 20. Nc2 Bc6 21. Na3
b4 22. Nc2 Nd5 23. Qd2 Nf4 24. Ne3 Bb7 25. Rfd1 d5 26. Bf1 d4 27. Nc4 Qf6 28.
Re1 Qg5 29. Kh1 Rf6 30. Nxa5 Bd5 31. Rc5 Qg4 32. Qd1 Qf5 33. Bc4 Bxc4 34. Nxc4
Nd3 35. Nxe5 Nxf2+ 36. Kg1 Nxd1 37. Nf7+ Rxf7 0-1

[Event "Indywidualne Mistrzostwa Polski Juniorow - C16"]
[Site "Szczyrk"]
[Date "2013-03-19"]
[Round "4.8"]
[White "Koitka, Jakub"]
[Black "Siedlanowski, Lukasz"]
[Result "1-0"]
[WhiteTitle "I+"]
[BlackTitle "I"]
[WhiteElo "2007"]
[BlackElo "1900"]

1. e4 g6 2. d4 c6 3. Nc3 d5 4. e5 Nh6 5. Bd3 Qb6 6. Nce2 Bf5 7. Bxh6 Bxd3 8. Qxd3
Qxb2 9. Rd1 Bxh6 10. Qh3 Na6 11. Qxh6 Qxc2 12. Qd2 Qe4 13. Nf3 O-O 14. O-O Qg4
15. Rfe1 f6 16. exf6 exf6 17. Qf4 Qd7 18. Nc1 Kg7 19. Nd3 b6 20. h3 Rae8 21. Nh2
Rxe1+ 22. Rxe1 c5 23. Ng4 c4 24. Nde5 Qe7 25. Nf3 Qd7 26. Ng5 Kh8 27. Ne6 Rf7
28. Nh6 c3 29. Nxf7+ Qxf7 30. Qd6 h5 31. Nd8 Qc7 32. Re8+ 1-0

[Event "Indywidualne Mistrzostwa Polski Juniorow - C16"]
[Site "Szczyrk"]
[Date "2013-03-19"]
[Round "4.9"]
[White "Mirski, Michal"]
[Black "Kowalczyk, Mariusz"]
[Result "0-1"]
[WhiteTitle "I"]
[BlackTitle "I"]
[WhiteElo "1895"]
[BlackElo "1940"]

1. f4 d5 2. Nf3 c5 3. g3 Nc6 4. Bg2 g6 5. O-O Bg7 6. d3 Nf6 7. Qe1 O-O 8. h3 Ne8
9. c3 e5 10. fxe5 Nxe5 11. Qf2 Nxf3+ 12. exf3 b6 13. f4 Nc7 14. Nd2 Rb8 15. Nf3
Re8 16. a4 Ba6 17. Rd1 Qd7 18. a5 Re7 19. axb6 axb6 20. Bf1 Rbe8 21. Re1 Rxe1
22. Nxe1 Bb7 23. Nf3 Nb5 24. Bd2 Nd6 25. Ra7 Nb5 26. Ra1 Nd6 27. Ra7 d4 28. cxd4
Nb5 29. Rxb7 Qxb7 30. dxc5 bxc5 31. Bg2 Qe7 32. Ne5 Nd4 33. Bd5 Bxe5 34. fxe5
Qd7 35. Be4 Rxe5 36. Bf4 Re8 37. Be3 Qxh3 38. Bd5 Ne2+ 39. Qxe2 Qxg3+ 40. Qg2
Qxe3+ 0-1

[Event "Indywidualne Mistrzostwa Polski Juniorow - C16"]
[Site "Szczyrk"]
[Date "2013-03-19"]
[Round "4.10"]
[White "Kowalski, Maciej"]
[Black "Sliwicki, Damian"]
[Result "0-1"]
[WhiteTitle "I"]
[BlackTitle "I"]
[WhiteElo "1877"]
[BlackElo "2028"]

1. d4 d5 2. c4 e6 3. Nc3 c6 4. e4 dxc4 5. Bxc4 b5 6. Bb3 b4 7. Na4 Nf6 8. f3 Nbd7
9. Be3 Ba6 10. Ne2 Be7 11. Rc1 Rc8 12. O-O O-O 13. Qc2 Qa5 14. Nc5 Nxc5 15. dxc5
Nd7 16. Rfe1 Rfd8 17. Nf4 Ne5 18. Nxe6 fxe6 19. Bxe6+ Kh8 20. Bxc8 Rxc8 21. Red1
Nc4 22. Qf2 Nxe3 23. Qxe3 Qxa2 24. Rd7 Qe6 25. Rxa7 Bb5 26. f4 Rd8 27. Rca1 h6
28. Ra8 Rxa8 29. Rxa8+ Kh7 30. b3 Qd7 31. Kf2 Qd1 32. Kg3 Qc2 33. Qd4 Bf1 34.
Qf2 Bh4+ 0-1

[Event "Indywidualne Mistrzostwa Polski Juniorow - C16"]
[Site "Szczyrk"]
[Date "2013-03-19"]
[Round "4.11"]
[White "Buraczewski, Rafal"]
[Black "Zebracki, Tomasz"]
[Result "1/2-1/2"]
[WhiteTitle "I"]
[BlackTitle "I"]
[WhiteElo "1825"]
[BlackElo "1951"]

1. d4 Nf6 2. Nf3 e6 3. Bg5 c5 4. c3 Nc6 5. e3 d5 6. Bd3 h6 7. Bh4 cxd4 8. exd4
Bd6 9. O-O Bd7 10. Nbd2 a6 11. Re1 b5 12. a4 b4 13. c4 dxc4 14. Nxc4 Be7 15. Rc1
O-O 16. Nce5 Nxe5 17. Nxe5 Nd5 18. Bxe7 Nxe7 19. Qb3 a5 20. Rc5 Rc8 21. Rec1 Rxc5
22. Rxc5 Bc8 23. Qc4 Bb7 24. Rc7 Ba6 25. Qc5 Qxc7 26. Qxc7 Rc8 27. Qxc8+ Bxc8
28. Be4 Ba6 29. f3 f6 30. Nd7 Bc4 31. Nc5 Bd5 32. Kf2 Kf7 33. Bxd5 exd5 34. Nb3
Nc6 35. Ke3 Ke6 36. Nc5+ Kd6 37. b3 Ke7 38. h4 g6 39. Nd3 Kd6 40. g4 Nd8 41. Nf4
g5 42. hxg5 hxg5 43. Nh5 Ke7 44. Ng7 Kd7 45. Nh5 1/2-1/2

[Event "Indywidualne Mistrzostwa Polski Juniorow - C16"]
[Site "Szczyrk"]
[Date "2013-03-19"]
[Round "4.12"]
[White "Czerw, Dawid"]
[Black "Smieszek, Wojciech"]
[Result "1-0"]
[WhiteTitle "I+"]
[BlackTitle "I"]
[WhiteElo "1947"]
[BlackElo "1873"]

1. d4 Nf6 2. c4 c5 3. d5 e6 4. Nc3 exd5 5. cxd5 d6 6. e4 g6 7. Bd3 Bg7 8. h3 O-O
9. Nf3 b5 10. Bxb5 Nxe4 11. Nxe4 Qa5+ 12. Nfd2 Qxb5 13. Nxd6 Qa6 14. N2c4 Nd7
15. O-O Ne5 16. Nxe5 Qxd6 17. Nc4 Qa6 18. Ne3 Rb8 19. Qc2 Bd4 20. a3 Re8 21. Rd1
Bd7 22. Rb1 Rb6 23. b3 Rf6 24. Bb2 Rxf2 25. Kxf2 Bxe3+ 26. Kf3 Bf5 27. Qc4 Qd6
28. Rbc1 Qe7 29. d6 Be4+ 30. Ke2 Qd7 31. Qc3 Bd4 32. Rxd4 cxd4 33. Qxd4 Qb5+ 34.
Kd2 Qg5+ 35. Kd1 Qh5+ 36. g4 Bf3+ 37. Kc2 Rc8+ 38. Kb1 Rxc1+ 39. Bxc1 Qb5 40.
Bb2 f6 41. d7 Be4+ 42. Ka2 1-0

[Event "Indywidualne Mistrzostwa Polski Juniorow - C16"]
[Site "Szczyrk"]
[Date "2013-03-19"]
[Round "4.13"]
[White "Delekta, Filip"]
[Black "Kruszynski, Krzysztof"]
[Result "1-0"]
[WhiteTitle "I+"]
[BlackTitle "II"]
[WhiteElo "1934"]
[BlackElo "1664"]

1. e4 e5 2. Nf3 Nc6 3. Bb5 a6 4. Ba4 Nf6 5. O-O Be7 6. Re1 d6 7. h3 b5 8. Bb3 O-O
9. c3 Nb8 10. d4 Nbd7 11. Nbd2 c5 12. Nf1 Bb7 13. Ng3 Rc8 14. d5 g6 15. Qe2 c4
16. Bc2 Nc5 17. Nh2 Nfd7 18. Ng4 Bg5 19. Ne3 Bf4 20. Qf3 a5 21. Ne2 Bg5 22. Ng4
b4 23. Qg3 Bxc1 24. Nxc1 Nf6 25. Nxf6+ Qxf6 26. cxb4 axb4 27. a3 b3 28. Bd1 Na4
29. Rb1 Ba6 30. Re3 Nc5 31. Ne2 Nd3 32. Nc3 Rfe8 33. Be2 Nf4 34. Bf1 Qe7 35. Nd1
Kh8 36. Rc3 f5 37. f3 Qa7+ 38. Qf2 Qb7 39. Kh2 fxe4 40. fxe4 Rf8 41. Rf3 Kg7 42.
Nc3 Nd3 43. Bxd3 cxd3 44. Rf1 Qe7 45. Rxf8 Rxf8 46. Qxf8+ Qxf8 47. Rxf8 Kxf8 48.
Nb1 d2 49. Nxd2 Bd3 50. Kg3 Ke7 51. Kf3 Bc2 52. g3 h6 53. Ke3 Ke8 54. a4 Kd7 55.
a5 Kc7 56. Nc4 Bd1 57. a6 g5 58. Nxd6 Kb6 59. Nf7 Kxa6 60. Nxe5 1-0

[Event "Indywidualne Mistrzostwa Polski Juniorow - C16"]
[Site "Szczyrk"]
[Date "2013-03-19"]
[Round "4.14"]
[White "Smal, Tobiasz"]
[Black "Gierulski, Kamil"]
[Result "0-1"]
[WhiteTitle "I"]
[BlackTitle "I"]
[WhiteElo "1915"]
[BlackElo "1856"]

1. e4 e6 2. d4 d5 3. Nc3 Nf6 4. e5 Nfd7 5. f4 c5 6. Nce2 Nc6 7. c3 Qb6 8. Nf3 cxd4
9. cxd4 f6 10. a3 Be7 11. h4 O-O 12. Qd3 a5 13. b3 Qc7 14. g4 fxe5 15. fxe5 Ndxe5
16. dxe5 Nxe5 17. Nxe5 Qxe5 18. Rb1 Bc5 19. Bb2 Bf2+ 20. Kd1 Qd6 21. Bg2 b6 22.
Qc3 Ra7 23. Rc1 d4 24. Qc6 Qd8 25. Rh3 Re7 26. Qc4 Kh8 27. Rf3 Rxf3 28. Bxf3 Bd7
29. Nxd4 e5 30. Ke2 Bxd4 31. Bxd4 exd4+ 32. Kf2 Be6 33. Qd3 Rf7 34. Kg2 Kg8 35.
Re1 Qd7 36. Kg3 g6 37. Rd1 Qd6+ 38. Kg2 Rf4 39. Qe2 Bxb3 40. Rd2 Kg7 41. Qb5 Be6
42. Qe2 h6 43. Rb2 d3 44. Qe3 Rd4 45. g5 h5 46. Rb5 d2 47. Re5 Bf7 48. Bd1 Rxh4
49. Qc3 Qd4 50. Qg3 Bd5+ 51. Rxd5 Qxd5+ 52. Bf3 Rg4 53. Qxg4 hxg4 54. Bxd5 d1=Q
0-1

[Event "Indywidualne Mistrzostwa Polski Juniorow - C16"]
[Site "Szczyrk"]
[Date "2013-03-19"]
[Round "4.15"]
[White "Zadlo, Maciej"]
[Black "Kucza, Karol"]
[Result "0-1"]
[WhiteTitle "I"]
[BlackTitle "I+"]
[WhiteElo "1821"]
[BlackElo "1886"]

1. e4 e5 2. Nf3 Nc6 3. d4 exd4 4. Nxd4 Nf6 5. Nc3 Bb4 6. Nxc6 bxc6 7. Bd3 O-O 8.
O-O d5 9. exd5 cxd5 10. Bg5 c6 11. Qf3 Bd6 12. h3 h6 13. Bf4 Rb8 14. b3 Be6 15.
Rad1 a5 16. Na4 c5 17. c4 d4 18. Rfe1 Bxf4 19. Qxf4 Rc8 20. Bc2 Qc7 21. Qxc7 Rxc7
22. Kf1 Re8 23. Re5 Bxc4+ 0-1

[Event "Indywidualne Mistrzostwa Polski Juniorow - C16"]
[Site "Szczyrk"]
[Date "2013-03-19"]
[Round "4.16"]
[White "Mrozowski, Patryk"]
[Black "Ulanowski, Karol"]
[Result "0-1"]
[WhiteTitle "I"]
[BlackTitle "I++"]
[WhiteElo "1723"]
[BlackElo "2118"]

1. e4 c5 2. Nf3 d6 3. d4 cxd4 4. Nxd4 Nf6 5. Nc3 a6 6. Bg5 Nbd7 7. Qd2 b5 8. a3
Bb7 9. Bd3 e6 10. f4 h6 11. Bxf6 Nxf6 12. Nf3 Qc7 13. O-O-O Be7 14. Rhg1 d5 15.
e5 Nd7 16. Rde1 b4 17. axb4 Bxb4 18. f5 Qa5 19. Kb1 Rc8 20. fxe6 fxe6 21. Bg6+
Kd8 22. Re3 Rf8 23. Qd4 Rc4 24. Qd2 Ke7 25. Nd4 Rf4 26. Nb3 Qc7 27. g3 Rf8 28.
Nd4 Nb6 29. Nde2 Na4 30. Qd3 Nc5 31. Qd2 Na4 32. Qd3 Bxc3 33. Nxc3 Nxc3+ 34. bxc3
Bc6 35. Rf1 Qb6+ 0-1

[Event "Indywidualne Mistrzostwa Polski Juniorow - C16"]
[Site "Szczyrk"]
[Date "2013-03-19"]
[Round "4.17"]
[White "Pawlowski, Maciej"]
[Black "Nun, Grzegorz"]
[Result "1/2-1/2"]
[WhiteTitle "I"]
[BlackTitle "II+"]
[WhiteElo "1716"]
[BlackElo "1851"]

1. e4 c5 2. Nc3 Nc6 3. f4 g6 4. Nf3 Bg7 5. Bb5 d6 6. Bxc6+ bxc6 7. O-O e6 8. d3
Ne7 9. Qe1 O-O 10. Bd2 Ba6 11. Qh4 d5 12. e5 Nf5 13. Qf2 c4 14. d4 h5 15. Rfe1
Rb8 16. Rab1 Re8 17. Na4 Bf8 18. Bc3 Rb5 19. Nc5 Bxc5 20. dxc5 Qe7 21. Nd4 Nxd4
22. Bxd4 Ra5 23. a3 Rb5 24. h3 h4 25. g4 hxg3 26. Qxg3 Kh7 27. Kf2 Qf8 28. h4
Qh6 29. h5 gxh5 30. Rh1 Qg6 31. Qc3 Qf5 32. Rh4 Rg8 33. Rc1 Rg4 34. Rxg4 hxg4
35. Kg3 Qh5 36. Kg2 Qf5 37. Rh1+ Kg7 38. Kg3 Qe4 39. Rh4 Qf3+ 40. Qxf3 gxf3 41.
Kxf3 Rb8 42. Rg4+ Kf8 1/2-1/2

[Event "Indywidualne Mistrzostwa Polski Juniorow - C16"]
[Site "Szczyrk"]
[Date "2013-03-19"]
[Round "4.18"]
[White "Madrawski, Krzysztof"]
[Black "Fronczak, Sebastian"]
[Result "1/2-1/2"]
[WhiteTitle "II+"]
[BlackTitle "II+"]
[WhiteElo "1711"]
[BlackElo "1825"]

1. e4 e6 2. d4 d5 3. e5 c5 4. c3 Nc6 5. Nf3 Nh6 6. Bd3 cxd4 7. cxd4 Nf5 8. Bxf5
exf5 9. Nc3 Be6 10. O-O Be7 11. a3 O-O 12. b4 Rc8 13. Qd3 a6 14. Be3 b5 15. Rac1
f6 16. exf6 Bxf6 17. Ne2 g5 18. g3 Kh8 19. Nd2 f4 20. gxf4 Bh3 21. Rfe1 Qd7 22.
Kh1 Bf5 23. Qb3 gxf4 24. Nxf4 Nxd4 25. Qxd5 Qxd5+ 26. Nxd5 Rxc1 27. Rxc1 Nb3 28.
Nxb3 Be4+ 29. Kg1 Bxd5 30. Nd4 Bc4 31. Kg2 h5 32. Rd1 Kh7 33. Kh3 Rg8 34. f3 Re8
35. Bf2 Rd8 36. Kg2 Rg8+ 37. Kh3 Rd8 38. Kg2 Rg8+ 39. Kh3 Rd8 40. Kg2 Rg8+ 1/2-1/2

[Event "Indywidualne Mistrzostwa Polski Juniorow - C16"]
[Site "Szczyrk"]
[Date "2013-03-19"]
[Round "4.19"]
[White "Choina, Adam"]
[Black "Drop, Szymon"]
[Result "1/2-1/2"]
[WhiteTitle "II"]
[BlackTitle "I"]
[WhiteElo "1552"]
[BlackElo "1818"]

1. e4 e5 2. Nf3 Nc6 3. d4 exd4 4. Bc4 Nf6 5. O-O Nxe4 6. Re1 d5 7. Bxd5 Qxd5 8.
Nc3 Qa5 9. Nxe4 Be6 10. Neg5 O-O-O 11. Nxe6 fxe6 12. Rxe6 Bd6 13. Bg5 Rde8 14.
Qe2 Ne5 15. Nxd4 Rxe6 16. Nxe6 Re8 17. Bd2 Qb6 18. Be3 Qc6 19. Nd4 Qe4 20. Re1
a6 21. h3 c5 22. Nb3 Kb8 23. Qd2 Qg6 24. Kf1 Nc4 25. Qd3 Qf7 26. a3 Ka8 27. Bxc5
Rxe1+ 28. Kxe1 Bxc5 29. Qd8+ Ka7 30. Nxc5 Qf4 31. Qd3 Nxb2 32. Qe3 Qxe3+ 33. fxe3
Nc4 34. Ke2 Nxa3 35. Kd3 Kb6 36. Ne6 g6 37. Nf8 Kc6 38. Nxh7 a5 39. Nf8 a4 40.
Kc3 b5 41. Nxg6 Nc4 42. Nf4 Nxe3 43. g4 Kd6 44. Nd3 Kd5 45. g5 Ke6 46. Nb4 Kf5
47. h4 Ng2 48. Kd4 Nxh4 49. Kc5 Nf3 50. c3 Nxg5 51. Kxb5 Ne4 1/2-1/2

[Event "Indywidualne Mistrzostwa Polski Juniorow - C16"]
[Site "Szczyrk"]
[Date "2013-03-19"]
[Round "4.20"]
[White "Mazur, Bartlomiej"]
[Black "Molenda, Marcin"]
[Result "1/2-1/2"]
[WhiteTitle "I"]
[BlackTitle "I"]
[WhiteElo "1674"]
[BlackElo "1813"]

1. e4 e5 2. Nf3 Nc6 3. Bc4 Nf6 4. d3 Bc5 5. h3 h6 6. O-O O-O 7. Nc3 d6 8. Nh2 Na5
9. Bb3 Nxb3 10. axb3 d5 11. exd5 Nxd5 12. Qf3 Nb4 13. Qe2 Nc6 14. Be3 Be7 15.
f4 exf4 16. Bxf4 Nd4 17. Qd2 Be6 18. Nf3 Bf6 19. Nxd4 Bxd4+ 20. Be3 Bxe3+ 21.
Qxe3 a6 22. Rae1 Qd6 23. Ne4 Qc6 24. Re2 Rae8 25. Qg3 Kh8 26. Qh4 Bd5 27. Rf6
Re6 28. Rxe6 Qxe6 29. Ng3 Qb6+ 30. Kh1 Be6 31. Ne4 Qb4 32. Qg3 Qa5 33. Kh2 Rd8
34. Nc3 Rd7 35. Na4 Rd5 36. Qf3 Qb4 37. Re4 Qd6+ 38. Qf4 Qc6 39. Rc4 Qd6 40. Qxd6
cxd6 41. Re4 Re5 42. Nc3 f5 43. Re2 Kg8 44. d4 Rxe2 45. Nxe2 g5 46. Kg3 Kf7 47.
c4 Kf6 48. Nc3 Ke7 49. Kf3 h5 50. g3 Kf6 51. h4 Kg6 52. Ne2 f4 53. Nc3 Bg4+ 54.
Kf2 gxh4 55. gxh4 Kf5 56. Kg2 Ke6 57. Nd5 Kf5 58. Nc3 Ke6 59. Nd5 1/2-1/2

[Event "Indywidualne Mistrzostwa Polski Juniorow - C16"]
[Site "Szczyrk"]
[Date "2013-03-19"]
[Round "4.21"]
[White "Maciejewski, Mikolaj"]
[Black "Krawiecki, Stanislaw"]
[Result "1-0"]
[WhiteTitle "II+"]
[BlackTitle "II"]
[WhiteElo "1733"]
[BlackElo "1632"]

1. e4 Nf6 2. Nc3 d5 3. exd5 Nxd5 4. d4 Bf5 5. Nxd5 Qxd5 6. c4 Qe4+ 7. Be3 e6 8.
Be2 Nc6 9. Bf3 Bb4+ 10. Ke2 Qc2+ 11. Qxc2 Bxc2 12. Nh3 h6 13. Rac1 Bh7 14. Rhd1
Be7 15. Nf4 g5 16. Nd3 Bxd3+ 17. Rxd3 Nb4 18. Rb3 Nxa2 19. Ra1 Nb4 20. c5 Nc2
21. Ra4 Nxe3 22. fxe3 O-O 23. Rxb7 Rab8 24. Raxa7 e5 25. b4 exd4 26. exd4 Rfe8
27. Kd3 Rxb7 28. Rxb7 Bd8 29. Rb8 Kg7 30. Bc6 Rf8 31. b5 Kf6 32. Ke4 h5 33. b6
cxb6 34. cxb6 Ke6 35. b7 f5+ 36. Kd3 Kd6 37. Rc8 1-0

[Event "Indywidualne Mistrzostwa Polski Juniorow - C16"]
[Site "Szczyrk"]
[Date "2013-03-19"]
[Round "4.22"]
[White "Gladysz, Jakub"]
[Black "Filewicz, Przemyslaw"]
[Result "0-1"]
[WhiteTitle "II+"]
[BlackTitle "I"]
[WhiteElo "1798"]
[BlackElo "1751"]

1. d4 f5 2. Bg5 c6 3. c4 Qb6 4. Qd2 h6 5. Bf4 d6 6. e3 Nf6 7. Nc3 Ne4 8. Nxe4 fxe4
9. Ne2 Nd7 10. Nc3 Nf6 11. Be2 Bf5 12. Rb1 O-O-O 13. b4 e5 14. Bg3 exd4 15. exd4
e3 16. fxe3 Bxb1 17. Nxb1 Ne4 18. Qb2 Nxg3 19. hxg3 Re8 20. Kf2 Be7 21. Re1 h5
22. Nd2 h4 23. Bg4+ Kb8 24. Nf3 hxg3+ 25. Kxg3 Qc7 26. Kf2 Ref8 27. Ke2 Bf6 28.
Kd3 Qf7 29. Bh3 Qg6+ 30. Kc3 Qg3 31. Qe2 g5 32. Nd2 Rh4 33. Nf1 Bxd4+ 34. Kb3
Qe5 35. exd4 Qxe2 36. Rxe2 Rxf1 37. Re8+ Kc7 38. Rc8+ Kb6 39. c5+ dxc5 40. dxc5+
Ka6 41. Rxc6+ Kb5 42. Rg6 Rxb4+ 43. Ka3 Rc1 44. Be6 Rc3+ 45. Bb3 Rxc5 46. Rg7
Ka5 47. Re7 a6 48. Rd7 Rbb5 49. Rd6 Rc6 50. Rd4 Kb6 51. Rd3 Rf6 52. Rg3 Rf2 53.
Bc4 Ra5+ 54. Kb4 Rf4 55. Kb3 Re5 56. Bd3 Kc5 57. Kc3 b5 58. Rh3 Rg4 59. Rh6 Rg3
60. Rh8 Rd5 61. Rc8+ Kb6 62. Rb8+ Ka7 63. Rg8 Rdxd3+ 64. Kb4 Rg4+ 65. Kc5 Rc4#
0-1

[Event "Indywidualne Mistrzostwa Polski Juniorow - C16"]
[Site "Szczyrk"]
[Date "2013-03-19"]
[Round "4.23"]
[White "Klimek, Piotr"]
[Black "Wisniewski, Szymon"]
[Result "1/2-1/2"]
[WhiteTitle "I"]
[BlackTitle "II+"]
[WhiteElo "1789"]
[BlackElo "1731"]

1. e4 c5 2. c4 d6 3. Ne2 g6 4. d4 cxd4 5. Nxd4 Bg7 6. Be3 Nf6 7. f3 O-O 8. Nc3
Nc6 9. Be2 a6 10. Qd2 Nxd4 11. Bxd4 Be6 12. O-O Rc8 13. b3 Qa5 14. Rfd1 Rfd8 15.
a3 Qc7 16. Nd5 Bxd5 17. exd5 Nd7 18. Bxg7 Kxg7 19. b4 Kg8 20. Rac1 a5 21. h4 Qb6+
22. Kf1 Nf6 23. g4 h5 24. g5 Nd7 25. Qd4 Qxd4 26. Rxd4 Rc7 27. Ke1 Rdc8 28. Rb1
axb4 29. Rxb4 Ra8 30. a4 Nc5 31. Bd1 Rcc8 32. Rd2 Ra5 33. Ke2 Rca8 34. Ra2 Kf8
35. Bc2 R8a7 36. Ra3 Kg7 37. Rb6 f6 38. Re3 Kf7 39. gxf6 Kxf6 40. f4 R5a6 41.
Rxa6 Rxa6 42. Rg3 Nxa4 43. Rxg6+ Kf7 44. Rh6 Nb2 45. Rxh5 Nxc4 46. Rh7+ Kf6 47.
Rh6+ Kf7 48. Rh7+ 1/2-1/2

[Event "Indywidualne Mistrzostwa Polski Juniorow - C16"]
[Site "Szczyrk"]
[Date "2013-03-19"]
[Round "4.24"]
[White "Kindler, Przemyslaw"]
[Black "Rosicki, Marcin"]
[Result "1-0"]
[WhiteTitle "I"]
[BlackTitle "I"]
[WhiteElo "1817"]
[BlackElo "1722"]

1. e4 e5 2. Nf3 Nc6 3. Bc4 Nf6 4. d3 Bc5 5. c3 d6 6. O-O O-O 7. Nbd2 a6 8. Re1
Bg4 9. Nf1 Ba7 10. h3 Bd7 11. Ng3 Na5 12. Bb3 Nxb3 13. Qxb3 Qc8 14. Bg5 Bxh3 15.
gxh3 Qxh3 16. d4 Ng4 17. Qc4 exd4 18. cxd4 h6 19. Be3 g5 20. Qf1 Qxf1+ 21. Kxf1
Nxe3+ 22. fxe3 Rae8 23. Ke2 g4 24. Nh2 f5 25. Nxf5 Rxe4 26. Nxh6+ Kg7 27. N6xg4
Bxd4 28. Kd3 Bxb2 29. Kxe4 Re8+ 30. Kd3 Bxa1 31. Rxa1 c5 32. Rg1 b5 33. Ne5+ Kf6
34. Nhg4+ Kf5 35. Nf7 c4+ 36. Kc3 Re6 37. Ngh6+ Kf6 38. Rf1+ Kg7 39. Nf5+ Kxf7
40. Nxd6+ Ke7 41. Nf5+ Kd7 42. Kd4 Kc6 43. e4 c3 44. Rc1 b4 45. Ne3 a5 46. e5
Rh6 47. Nf5 Rh5 48. Ke4 a4 49. Nd4+ Kc5 50. Nf5 a3 51. e6 Rh8 52. e7 Kc6 53. Ng7
Rh4+ 54. Kd3 Rh3+ 55. Kc4 Rh4+ 56. Kb3 1-0